00539nam a2200193 a 4500001001300000003000900013005001700022008004100039020001000080082001700090100001700107245008000124260004000204300000900244500003500253505002600288650001400314700001700328nice12345678IN_TiNIC20260116012822.0050524s1986 hyda grp 000 0 eng  ac10000a954.84bNAI1 aNaidu, Ratna aInner City of Hyderabadb Study Sponsored By Planning Commission Government aHyderabadbGovt. of Hyderabadc1986 a217p aincludes index and biblioraphy2 aPublication Date 1988 aHyderabad1 aNaidu, Ratna